000 005500000a22001810004500
041 0 _aSPA
082 0 4 _aG 270 W1772i
100 1 _aWalker, Williston
245 1 0 _aHistoria de la iglesia cristiana / Williston Walker ; Adam F. Sosa, Traductor
260 _aKansas City, MIS., USA : Casa Nazarena
300 _a623 Pag
500 _aTítulo original en inglés : A history of the christian church
001 8295
942 _cBK
999 _c38471
_d38471
336 _atexto
_btxt
_2rdacontent
337 _2rdamedia
_asin mediación
_bn
338 _2rdacarrier
_avolumen
_bnc